|
|
|
|
| LEADER |
00000cam a22000004a 4500 |
| 001 |
musev2_71798 |
| 003 |
MdBmJHUP |
| 005 |
20230905051410.0 |
| 006 |
m o d |
| 007 |
cr||||||||nn|n |
| 008 |
060313s2006 pau o 00 0 eng d |
| 010 |
|
|
|z 2006008627
|
| 020 |
|
|
|a 9780822971078
|
| 020 |
|
|
|z 9780822963233
|
| 020 |
|
|
|z 9780822942856
|
| 035 |
|
|
|a (OCoLC)1128475916
|
| 040 |
|
|
|a MdBmJHUP
|c MdBmJHUP
|
| 100 |
1 |
|
|a Acampora, Ralph R.,
|d 1965-
|
| 245 |
1 |
0 |
|a Corporal Compassion :
|b Animal Ethics and Philosophy of Body /
|c Ralph R. Acampora.
|
| 264 |
|
1 |
|a Pittsburgh, PA :
|b University of Pittsburgh Press,
|c 2006.
|
| 264 |
|
3 |
|a Baltimore, Md. :
|b Project MUSE,
|c 2021
|
| 264 |
|
4 |
|c ©2006.
|
| 300 |
|
|
|a 1 online resource (224 pages).
|
| 336 |
|
|
|a text
|b txt
|2 rdacontent
|
| 337 |
|
|
|a computer
|b c
|2 rdamedia
|
| 338 |
|
|
|a online resource
|b cr
|2 rdacarrier
|
| 505 |
0 |
0 |
|t Acknowledgments --
|t Introduction : Somaesthetics and animal ethics --
|g 1.
|t Interspecies ethics and phenomenology of body : precursors and pathways --
|g 2.
|t Flesh-and-blood being-in-a-world : toward a transpecific ontology of somatic society --
|g 3.
|t Appreciation of animal nature under the aspect of bodiment --
|g 4.
|t Ethos and Leib : "symphysics" of transpecific morality --
|g 5.
|t Body bioethics in realms of the carnal and the carceral --
|g 6.
|t Contexts and promise of corporal compassion --
|t Notes --
|t Bibliography --
|t Index.
|
| 520 |
|
|
|a "Corporal Compassion examines the practical applications of the somatic ethos in contexts such as laboratory experimentation and zoological exhibition, and challenges practitioners to go beyond recent reforms and look to a future beyond exploitation or total noninterference--a posthumanist culture that advocates caring in a participatory approach."--Jacket.
|
| 588 |
|
|
|a Description based on print version record.
|
| 650 |
0 |
7 |
|a Tierethik.
|2 swd
|
| 650 |
0 |
7 |
|a Philosophie.
|2 swd
|
| 650 |
0 |
7 |
|a Körper.
|2 swd
|
| 650 |
|
7 |
|a Homme
|x Animalite.
|2 ram
|
| 650 |
|
7 |
|a Animaux
|x Droit.
|2 ram
|
| 650 |
|
7 |
|a Tierschutzrecht.
|2 idszbz
|
| 650 |
|
7 |
|a Tierschutzethik.
|2 idszbz
|
| 650 |
|
7 |
|a Körper
|x Philosophie
|x Tierschutzethik.
|2 idszbz
|
| 650 |
|
7 |
|a Mensch
|x Tiere
|x Philosophie.
|2 idszbz
|
| 650 |
|
7 |
|a Mensch
|x Tiere
|x Philosophie.
|2 idsbb
|
| 650 |
|
7 |
|a Tiere
|x Mensch
|x Philosophie.
|2 idsbb
|
| 650 |
|
7 |
|a Tiere
|x Recht.
|2 idsbb
|
| 650 |
|
7 |
|a Tierethik.
|2 idsbb
|
| 650 |
0 |
7 |
|a Tierethik.
|0 (DE-588)4194901-8
|2 gnd
|
| 650 |
0 |
7 |
|a Philosophie.
|0 (DE-588)4045791-6
|2 gnd
|
| 650 |
0 |
7 |
|a Körper.
|0 (DE-588)4031575-7
|2 gnd
|
| 650 |
1 |
7 |
|a Lichamelijkheid.
|2 gtt
|
| 650 |
1 |
7 |
|a Fenomenologie.
|2 gtt
|
| 650 |
1 |
7 |
|a Ethische aspecten.
|2 gtt
|
| 650 |
1 |
7 |
|a Mens-dier-relatie.
|2 gtt
|
| 650 |
|
7 |
|a Human-animal relationships
|x Philosophy.
|2 fast
|0 (OCoLC)fst00963486
|
| 650 |
|
7 |
|a Animals (Philosophy)
|2 fast
|0 (OCoLC)fst00809563
|
| 650 |
|
7 |
|a Animal rights
|x Philosophy.
|2 fast
|0 (OCoLC)fst00809369
|
| 650 |
|
0 |
|a Human-animal relationships
|x Philosophy.
|
| 650 |
|
0 |
|a Animals (Philosophy)
|
| 650 |
|
0 |
|a Animal rights
|x Philosophy.
|
| 655 |
|
7 |
|a Electronic books.
|2 local
|
| 710 |
2 |
|
|a Project Muse.
|e distributor
|
| 830 |
|
0 |
|a Book collections on Project MUSE.
|
| 856 |
4 |
0 |
|z Texto completo
|u https://projectmuse.uam.elogim.com/book/71798/
|
| 945 |
|
|
|a Project MUSE - Custom Collection
|
| 945 |
|
|
|a Project MUSE - Archive Complete Supplement IX
|
| 945 |
|
|
|a Project MUSE - Archive Philosophy and Religion Supplement IX
|